Křesťanská výchova dětí / Pavla Edita Herciková
Record details
- ISBN: 80-239-0353-5
- Physical Description: 171 s. ; 30 cm
- Publisher: Praha : Pastorační středisko při Arcibiskupství pražském, 2002
Content descriptions
| Bibliography, etc. Note: | Obsahuje bibliografii a bibliografické odkazy |
Search for related items by subject
| Subject: | výchova dítěte katechetika křesťanská výchova catechetics Christian education child rearing |
| Genre: | učebnice textbooks |
Available copies
- 1 of 1 copy available at Common Catalog SPOK.
Holds
- 0 current holds with 1 total copy.
Show Only Available Copies
| Location | Call Number / Copy Notes | Barcode | Shelving Location | Status | Due Date |
|---|---|---|---|---|---|
| Jabok Library | Ped-7 | 424480007105 | Odborná literatura | Available | - |
| LDR | 01372nam a2200397 a 4500 | ||
|---|---|---|---|
| 001 | 5955 | ||
| 003 | CZ-PrJAB | ||
| 005 | 20161129125317.0 | ||
| 007 | tu | ||
| 008 | 030324s2002 xr e p 000 0 cze | ||
| 015 | . | ‡acnb001203389 | |
| 020 | . | ‡a80-239-0353-5 ‡q(v knize neuvedeno ; ‡qbrož.) | |
| 035 | . | ‡a(CZ PrNK)cpk20031203389 | |
| 035 | . | ‡a(OCoLC)53274330 | |
| 040 | . | ‡aABA001 ‡bcze | |
| 072 | 7. | ‡a27-46/-48 ‡xPastorální teologie ‡2Konspekt ‡95 | |
| 072 | 7. | ‡a37.016 ‡xUčební osnovy. Vyučovací předměty. Učebnice ‡2Konspekt ‡922 | |
| 080 | . | ‡a27-47 ‡2MRF | |
| 080 | . | ‡a37.03-053.2 ‡2MRF | |
| 080 | . | ‡a27-75 ‡2MRF | |
| 080 | . | ‡a(075) ‡2MRF | |
| 100 | 1 | . | ‡aHerciková, Pavla Edita ‡7mzk2008424168 ‡4aut |
| 245 | 1 | 0. | ‡aKřesťanská výchova dětí / ‡cPavla Edita Herciková |
| 260 | . | ‡aPraha : ‡bPastorační středisko při Arcibiskupství pražském, ‡c2002 | |
| 300 | . | ‡a171 s. ; ‡c30 cm | |
| 504 | . | ‡aObsahuje bibliografii a bibliografické odkazy | |
| 650 | 0 | 7. | ‡avýchova dítěte ‡7ph127420 ‡2czenas |
| 650 | 0 | 7. | ‡akatechetika ‡7ph121518 ‡2czenas |
| 650 | 0 | 7. | ‡akřesťanská výchova ‡7ph122115 ‡2czenas |
| 650 | 0 | 9. | ‡acatechetics ‡2eczenas |
| 650 | 0 | 9. | ‡aChristian education ‡2eczenas |
| 650 | 0 | 9. | ‡achild rearing ‡2eczenas |
| 655 | 7. | ‡aučebnice ‡7fd133770 ‡2czenas | |
| 655 | 9. | ‡atextbooks ‡2eczenas | |
| 910 | . | ‡aABG312 | |
| 901 | . | ‡a5955 ‡bUnknown ‡c5955 ‡tbiblio | |